The obelisk and the Englishman : the pioneering discoveries of Egyptologist William Bankes /

محفوظ في:

المؤلف الرئيسي: Seyler, Dorothy U. (مؤلف)

التنسيق: كتاب

اللغة: English

منشور في: Amherst, New York : Prometheus Books, 2015.

الموضوعات:

الوسوم: إضافة وسم

لا توجد وسوم, كن أول من يضع وسما على هذه التسجيلة!

رقم الطلب: PJ1064 .B36 S49 2015

LEADER 01488nam a22002657a 4500
003 OSt
005 20251013100854.0
008 251013t2015 nyuaf g b 001 0beng d
010 |a 2014047707 
020 |a 9781633880368 
040 |c ARCE Library 
043 |a e-uk--- 
050 1 4 |a PJ1064 .B36  |b S49 2015 
100 1 |a Seyler, Dorothy U.,  |e author  |9 39729 
245 1 4 |a The obelisk and the Englishman :   |b the pioneering discoveries of Egyptologist William Bankes /   |c Dorothy U. Seyler. 
264 1 |a Amherst, New York :   |b Prometheus Books,   |c 2015. 
300 |a 304 pages, 16 unnumbered pages of plates ;   |c 24 cm. 
504 |a Includes bibliographical references and index. 
505 0 |a The second son -- College connections: a brave new world! -- London: politics and power -- Time to get away -- Egypt : a gift of the Nile -- The first Egyptologist -- Daring and perseverance: from the Holy Land to Jerash -- Packed for Petra : paint boxes and guns -- Artists set sail : William begins his great second journey up the Nile -- William meets Rameses II : excavations in Nubia -- Obelisks and king lists : William's discoveries at Philae and Abydos -- The explorer returns -- Fathers and sons -- Final journeys -- Last-and lasting-gifts to the future. 
600 1 0 |a Bankes, William John,  |d 1786-1855.  |9 26185 
650 0 |a Egyptologists  |z Great Britain  |v Biography. 
650 0 |a Egyptology  |z Great Britain  |x History  |y 19th century. 
901 |a reviewed 
942 |c BK  |2 lcc 
999 |c 23141  |d 23141